000 00337nam a2200133Ia 4500
005 20251222144731.0
008 251222s9999||||xx |||||||||||||| ||spa||
020 _a968-16-6185-0
082 _a394.14/G79
100 _aGreiff, Pablo de
245 0 _aMoralidad, Legalidad y Drogas
264 _bFondo de Cultura Económica
942 _cLIB
999 _c18600
_d18600